=LDR 00000nam 2200000 4500 =001 INLIS000000000054000 =005 20190515014545 =035 ##$$a 0010-0519000062 =007 ta =008 190515###########################0###### =020 ##$$a 978-979-396-382-2 =082 ##$$a R.346.002 =084 ##$$a R.346.002 KIT =245 ##$$a Kitab undang-undang hukum perdata dilengkapi UU no.18 th 2003 tentang Advokat =250 ##$$a Cet vi =260 ##$$a Bandung :$b Citra umbara,$c 2013 =300 ##$$a iv, 556 hlm ; $c 21 Cm. =650 ##$$a Hukum perdata - Undang-undang, Peraturan =990 ##$$a 09490949 =990 ##$$a 51900006